| 000 | 00952cam a22002653a 4500 | ||
|---|---|---|---|
| 001 | 12420 | ||
| 003 | PGUSA | ||
| 005 | 20140828083249.0 | ||
| 008 | 040501s2004||||xxu|||||s|||||000 | eng d | ||
| 040 |
_aPGUSA _beng |
||
| 042 | _adc | ||
| 050 | 4 | _aBS | |
| 100 | 1 | _aDaubney, William Heaford | |
| 245 | 1 | 4 |
_aThe Three Additions to Daniel, a Study _h[electronic resource] / _cWilliam Heaford Daubney |
| 260 |
_bProject Gutenberg, _c2004 |
||
| 506 | _aPublic domain in the USA. | ||
| 516 | _aElectronic text | ||
| 653 | _aBible. Daniel -- Criticism, interpretation, etc. | ||
| 653 | _aBible. Apocrypha. Bel and the Dragon -- Criticism, interpretation, etc. | ||
| 653 | _aBible. Apocrypha. History of Susanna -- Criticism, interpretation, etc. | ||
| 653 | _aBible. Apocrypha. Song of the Three Children -- Criticism, interpretation, etc. | ||
| 830 | 0 |
_aProject Gutenberg _v12420 |
|
| 856 | 4 | 0 | _uhttp://www.gutenberg.org/ebooks/12420 |
| 942 | _cEB | ||
| 999 |
_c241675 _d241675 |
||